|
|
|
|
| LEADER |
00000naa2a2200000 4500 |
| 001 |
632130 |
| 005 |
20240126092100.0 |
| 035 |
|
|
|a (RuTPU)RU\TPU\conf\33831
|
| 035 |
|
|
|a RU\TPU\conf\33825
|
| 090 |
|
|
|a 632130
|
| 100 |
|
|
|a 20201014d2020 k y0rusy50 ca
|
| 101 |
0 |
|
|a rus
|
| 102 |
|
|
|a RU
|
| 105 |
|
|
|a y z 101zy
|
| 135 |
|
|
|a drcn ---uucaa
|
| 181 |
|
0 |
|a i
|
| 182 |
|
0 |
|a b
|
| 200 |
1 |
|
|a Нестационарные люминесцентные методы изучения взаимодействия атомарного водорода с поверхностью ZnS-Eu "темновых" пауз
|f Ван Яомин, В. С. Сыпченко, А. Н. Никитенков
|g науч. рук. Ю. И. Тюрин
|
| 203 |
|
|
|a Текст
|c электронный
|
| 225 |
1 |
|
|a Актуальные проблемы естественных наук
|
| 300 |
|
|
|a Заглавие с экрана
|
| 320 |
|
|
|a [Библиогр.: с. 88 (5 назв.)]
|
| 463 |
|
0 |
|0 (RuTPU)RU\TPU\conf\33820
|t Научная инициатива иностранных студентов и аспирантов российских вузов
|o сборник докладов X Всероссийской научно-практической конференции, Томск, 22-24 апреля 2020 г.
|f Национальный исследовательский Томский политехнический университет (ТПУ)
|v [С. 84-88]
|d 2020
|
| 610 |
1 |
|
|a электронный ресурс
|
| 610 |
1 |
|
|a труды учёных ТПУ
|
| 610 |
1 |
|
|a нестационарные методы
|
| 610 |
1 |
|
|a люминесцентные методы
|
| 610 |
1 |
|
|a взаимодействия
|
| 610 |
1 |
|
|a атомарный водород
|
| 610 |
1 |
|
|a поверхности
|
| 610 |
1 |
|
|a нанофосфоры
|
| 610 |
1 |
|
|a люминофоры
|
| 610 |
1 |
|
|a твердые тела
|
| 700 |
|
0 |
|a Ван Яомин
|
| 701 |
|
1 |
|a Сыпченко
|b В. С.
|c физик
|c доцент Томского политехнического университета, кандидат наук
|f 1987-
|g Владимир Сергеевич
|3 (RuTPU)RU\TPU\pers\28216
|9 13170
|
| 701 |
|
1 |
|a Никитенков
|b А. Н.
|c физик, гидрогеолог
|c доцент Томского политехнического университета, кандидат геолого-минералогических наук
|f 1983-
|g Алексей Николаевич
|3 (RuTPU)RU\TPU\pers\27729
|9 12803
|
| 702 |
|
1 |
|a Тюрин
|b Ю. И.
|c физик
|c профессор Томского политехнического университета, доктор физико-математических наук
|f 1950-
|g Юрий Иванович
|4 727
|
| 712 |
0 |
2 |
|a Национальный исследовательский Томский политехнический университет
|b Инженерная школа ядерных технологий
|b Отделение экспериментальной физики
|3 (RuTPU)RU\TPU\col\23549
|
| 712 |
0 |
2 |
|a Национальный исследовательский Томский политехнический университет
|b Инженерная школа природных ресурсов
|b Отделение геологии
|3 (RuTPU)RU\TPU\col\23542
|
| 801 |
|
2 |
|a RU
|b 63413507
|c 20201125
|g RCR
|
| 856 |
4 |
|
|u http://earchive.tpu.ru/handle/11683/63665
|
| 942 |
|
|
|c BK
|